00899cam a22002651 4500001001300000003000400013005001700017008004100034010001700075020000900092025001900101035002000120040001700140050001900157100005500176245014500231250001700376260006200393300001900455490003100474500001400505504003000519650002900549740005500578sa 68014230 DLC20260227112629.0850406s1966 ii bd 000 0 tamx  asa 68014230  c5.00 aPL480:I-T-2025 a(OCoLC)13886506 aDLCcNNdDLC00aBL1225.G34bS21 aCatācivam, Mu.q(Murukēca Mutaliyār),d1936-10aVināyakar aruṭ celvam.bDictionary of epithets and names of Lord Vinayaka.cĀciriyar Mu. Catācivam. Aṇinturai: Cā. Kaẹ̄caṇ. a[1. patippu] aCen̲n̲ai,bvir̲pan̲ai urimai: Pāri Nilaiyamc[1966] a238 p.c18 cm.0 aTamil̲c Celvam,vtokuti 1 aIn Tamil. aBibliography: p. [19]-42. 0aGaṇeśa (Hindu deity)0 aDictionary of epithets and names of Lord Vinayaka.